000 nam a22 7a 4500
999 _c174580
_d174580
003 Nust
005 20170201154336.0
008 170201b xxu||||| |||| 00| 0 eng d
040 _c0
050 _a628 SHA
082 _a628 SHA
100 _aShams,Dilawar Farhan
245 _aExisting Petroleum Drilling Waste Management Practices in Pakistan and Improvement Options
_cDilawar Farhan Shams
260 _aRawalpindi
_bIESE (SCEE) NUST
_c2002
300 _a101 p.
_bHB.
440 _aMS Environmental Engineering
500 _aThesis MS EE
650 _aEnvironmental Engineering
700 _4Dr. Javed Iqbal (Supervisor)
942 _2ddc
_cTHE
_kIESE